000 00281nam a22001217a 4500
008 180111b xxu||||| |||| 00| 0 eng d
041 _aeng
080 _a62
100 _a27
101 _aENG
245 _aDAIRY SYSTEMS FOR THE 21 ST CENTURY
_cBUCK.R
942 _2udc
_cBK
999 _c40131
_d40131